banner-ar

المكتبات فى المشرق الاسلامى : (Record no. 62430)

MARC details
000 -الفاتح
حقل البيانات ثابتة الطول 01042nam a2200229 4500
005 - وقت وتاريخ اخر تعامل مع التسجيلة
رقم الضبط 20240530110550.0
008 - عناصر البيانات ثابتة الطول - معلومات عامة
حقل البيانات ثابتة الطول 160625s2013 ua ||||| b||| 00| 0 ara d
017 ## - رقم الايداع القانونى
رقم الايداع القانونى 2013/13225
المصدر ( الهيئة المختصة) مصر. مصر دار الكتب المصرية
020 ## - الرقم الدولى المعيارى للكتب
الرقم الدولى المعيارى للكتاب 9789773223113
040 ## - مصدر الفهرسة
وكالة الفهرسة الأصلية EG-CaGPL
082 04 - رقم تصنيف ديوى العشرى
رقم التصنيف 027.00953/
رقم المادة هـ م
رقم الطبعة 21
100 0# - المدخل الرئيسى - إسم شخصى
الإسم الشخصى هالة شاكر عبدالرحمن
245 12 - بيان العنوان
العنوان المكتبات فى المشرق الاسلامى :
بقية العنوان ايران - خراسان - ما وراء النهر منذ عصر المامون وحتى القرن السابع الهجرى /
بيان المسئوليه,etc هالة شاكر عبدالرحمن
250 ## - بيان الطبعة
بيان الطبعة ط. 1.
260 ## - PUBLICATION, DISTRIBUTION, ETC. (IMPRINT)
تاريخ النشر أو التوزيع 2013.
300 ## - الوصف المادى
التعداد 333 ص. ؛
أبعاد الوعاء 24 سم.
504 ## - تبصرة ببليوجرافية
تبصرة ببليوجرافية,الخ ببليوجرافية : ص. 313-327.
650 04 - المدخل الاضافى بالموضوع-مصطلح موضوعى
مصطلح موضوعي المكتبات
التقسيم الفرعي العام تاريخ
التقسيم الفرعي الزمني العصر العباسى
650 04 - المدخل الاضافى بالموضوع-مصطلح موضوعى
مصطلح موضوعي المكتبات
التقسيم الفرعي الجغرافي ايران
942 ## - عناصر المدخل الإضافي( كوها)
مصدر التصنيف او مخطط الترفيف Dewey Decimal Classification
Koha [default] item type كتاب
260 ## - PUBLICATION, DISTRIBUTION, ETC. (IMPRINT)
-- الجيزة، مصر :
-- عين للدارسات والبحوث الانسانية والاجتماعية،
Holdings
حالة التراجع حالة الفقد حالة تلف ليس للاعارة المكان المؤقت الموقع الحالى تاريخ الاكتساب اجمالي اﻻعارات رقم الطلب الباركود تاريخ اخر مشاهدة تاريخ تفعيل السعر نوع وعاء كوها
        مكتبة القاهرة الكبرى مكتبة القاهرة الكبرى 06/25/2016   027.00953/ هـ م 162157 06/25/2016 06/25/2016 كتاب

Powered By

EGPV